Elhunyt Mérei Gyula akadémikus
Elmentve itt :
| Dokumentumtípus: | Cikk |
|---|---|
| Megjelent: |
2002-07-09
|
| Sorozat: | Délmagyarország
92 No. 158 |
| Kulcsszavak: | Mérei Gyula 1911-2002, Szeged, Egyetemi tanár Szeged, Gyászjelentés Szeged |
| Online Access: | http://dmarchiv.bibl.u-szeged.hu/131695 |
| LEADER | 00468nab a2200145 i 4500 | ||
|---|---|---|---|
| 001 | delm131695 | ||
| 005 | 20191118082432.0 | ||
| 008 | 191118s2002 hu o 0|| hun d | ||
| 040 | |a SZTE Délmagyarország Archívum |b hun | ||
| 041 | |a hun | ||
| 245 | 0 | 0 | |a Elhunyt Mérei Gyula akadémikus |h [elektronikus dokumentum] |
| 260 | |c 2002-07-09 | ||
| 300 | |a 10 | ||
| 490 | 0 | |a Délmagyarország |v 92 No. 158 | |
| 695 | |a Mérei Gyula 1911-2002, Szeged, Egyetemi tanár Szeged, Gyászjelentés Szeged | ||